000 00327nam a2200133 a 4500
005 20140412111237.0
008 001116s19uu xx 00 eng d
050 _aM 611
_bHu918 19_?
245 _aHuman body.
300 _a13 p.
440 _aMy Picture Library
650 _aHuman anatomy -- picture books
999 _c102507
_d102507